000 00569nam a2200193Ia 4500
001 18733
003 GE_BSU
008 181216s||||||||xx |||||||||||||| ||und||
040 _cGE_BSU
245 _aПсихология обучения, №10 октябрь 2016.
245 _cГл. ред. Т.Н.Березина и др.
250 _aВыходит 12раз в год.
260 _aМосква
260 _bизд-во СГУ
260 _c2016.октябрь
300 _a128ст.24см.
653 _aПсихология обучения
942 _cCR
999 _c51741
_d51741